000 00431nam a22001817a 4500
003 MPLRDC
005 20220104123600.0
008 210129b ||||| |||| 00| 0 eng d
020 _a7-5308-1657-8
082 _a312.8 HM
100 _a洪莽
245 _a珠算速算法
_c
250 _a一版一刷
260 _a
_b天津科学技术出版社
_c1994
300 _b
650 _a算术--珠算
942 _cBK
_o312.8 HM
999 _c12561
_d12551